| 000 | 005400000a22002050004500 | ||
|---|---|---|---|
| 003 | LK-CoMWRAF | ||
| 005 | 20231004093858.0 | ||
| 008 | 230817t ||||| |||| 00| 0 eng d | ||
| 020 | _a0880590068 | ||
| 040 |
_aLK-CoMWRAF _dLK-CoMWRAF _eLK-CoMWRAF |
||
| 041 | _aeng | ||
| 082 |
_a297.122 _bSIN |
||
| 100 | _aSin, Surat Ya | ||
| 245 | _aHeart of Qur'an and perfect mizan | ||
| 260 |
_aU.S.A. : _bZahra Publications, _c1983 |
||
| 300 | _a140p | ||
| 650 | _aKoran -- Commentaries | ||
| 650 | _aIslam Koran English & Arabic | ||
| 942 | _cBK | ||
| 999 |
_c1540 _d1540 |
||